Projektové financovanie inovačných firiem

Vymedzenie pojmu projektové financovanie (project financing). Finančné zdroje z pohľadu projektového financovania. Subjekty projektového financovania a motívy ich účasti. Projektové financovanie inovačných firiem na Slovensku. Projektové financovanie inovačných firiem v Nemecku. Projektové financova...

Descripción completa

Guardado en:
Detalles Bibliográficos
Autor principal: Karchová, Magdaléna, 1981-
Formato: Capítulo de libro
Lenguaje:eslovaco
Materias:
Etiquetas: Agregar Etiqueta
Sin Etiquetas, Sea el primero en etiquetar este registro!

MARC

LEADER 00000nla$a2200000$$$4500
001 0051036
005 20240502083135.2
041 0 |a slo 
044 |a CZ 
245 1 0 |a Projektové financovanie inovačných firiem  |c Magdaléna Karchová 
520 |a Vymedzenie pojmu projektové financovanie (project financing). Finančné zdroje z pohľadu projektového financovania. Subjekty projektového financovania a motívy ich účasti. Projektové financovanie inovačných firiem na Slovensku. Projektové financovanie inovačných firiem v Nemecku. Projektové financovanie na Slovensku predstavuje zatiaľ málo rozšírenú, ale dostupnú formu financovania investičnej činnosti. 
610 2 0 |a financovanie projektové 
610 2 0 |a firmy 
610 2 0 |a inovácia 
610 2 0 |a zdroje finančné 
610 2 0 |a Slovensko 
610 2 0 |a Nemecko 
100 1 |a Karchová, Magdaléna, 1981-